000
00303nam a22001337a 4500
008
170418b xxu||||| |||| 00| 0 eng d
020
_a
9780323030656
041
_a
eng
080
_2
12 ED
_a
579
100
_a
11
101
_a
SHM
245
_a
DIAGNOSTIC MICROBIOLOGY
_c
FORBES.B.A
942
_2
udc
_c
BK
999
_c
11052
_d
11052